| 000 | 00502nam a22001577a 4500 | ||
|---|---|---|---|
| 005 | 20230127155503.0 | ||
| 008 | 170118b xxu||||| |||| 00| 0 eng d | ||
| 040 | _cNUST | ||
| 082 | _aBSCS-2 IQB | ||
| 245 |
_aInteractive 3D image storage and reproduction _cFatima Iqbal |
||
| 260 |
_a(Islamabad) _bNUST-SEECS _c2016 |
||
| 300 |
_a51p. _eCD INCLUDES |
||
| 521 | _aAdvisors: Fahad Ahmad Satti, Shamyl bin Mansoor | ||
| 856 | _uhttp://10.250.8.41:8080/xmlui/handle/123456789/8818 | ||
| 942 |
_2ddc _cTHE |
||
| 999 |
_c173076 _d173076 |
||